Best Books by Author - Statistics

General Stats
  • This quiz has been taken 118 times
  • The average score is 23 of 50
Answer Stats
Rank Author Answer % Correct
6 Herman Melville Moby Dick
89%
5 F. Scott Fitzgerald The Great Gatsby
89%
26 George Orwell Nineteen Eighty Four
88%
7 Leo Tolstoy War And Peace
88%
3 Miguel de Cervantes Don Quixote
80%
21 Homer The Iliad
80%
8 William Shakespeare Hamlet
76%
17 Jane Austen Pride and Prejudice
76%
2 James Joyce Ulysses
75%
15 Emily Bronte Wuthering Heights
75%
9 Homer The Odyssey
73%
14 Fyodor Dostoyevsky Crime and Punishment
72%
32 Harper Lee To Kill a Mockingbird
72%
12 Vladimir Nabokov Lolita
71%
16 J.D. Salinger The Catcher in The Rye
67%
20 Lewis Carroll Alice's Adventures in Wonderland
64%
23 Joseph Heller Catch-22
59%
19 Leo Tolstoy Anna Karennina
57%
29 John Steinbeck The Grapes of Wrath
57%
11 Dante Alighieri The Divine Comedy
53%
10 Gustave Flaubert Madame Bovary
51%
27 Charles Dickens Great Expectations
48%
24 Joseph Conrad Heart of Darkness
45%
13 Fyodor Dostoyevsky The Brothers Karamazov
44%
22 Virginia Woolf To The Lighthouse
43%
36 Jonathan Swift Gulliver's Travels
40%
41 Charlotte Bronte Jane Eyre
40%
18 Mark Twain The Adventures of Huckleberry Finn
40%
40 Albert Camus The Stranger
39%
4 Gabriel Garcia Marquez One Hundred Years of Solitude
36%
33 Franz Kafka The Trial
36%
37 Toni Morrison Beloved
32%
1 Marcel Proust In Search of Lost Time
32%
25 William Faulkner The Sound And The Fury
31%
31 Ralph Ellison Invisible Man
29%
35 George Eliot Middlemarch
29%
38 Virginia Woolf Mrs. Dalloway
29%
30 William Faulkner Absalom, Absalom!
28%
34 Stendhal The Red and The Black
21%
42 Virgil The Aeneid
20%
45 Charles Dickens David Copperfield
19%
47 Walt Whitman Leaves of Grass
17%
50 Salman Rushdie Midnight's Children
17%
48 Thomas Mann The Magic Mountain
17%
44 Ernest Hemingway The Sun Also Rises
17%
49 James Joyce A Portrait of The Artist As A Young Man
11%
46 Laurence Sterne Tristram Shandy
8%
43 Jorge Luis Borges Collected Fiction
0%
28 India/Iran/Iraq/Egypt One Thousand and One Nights
0%
39 Anton Chekhov The Stories of Anton Chekhov
0%
No matching quizzes found
Score Distribution
Percent of People with Each Score
Percentile by Number Answered
Your Score History
You have not taken this quiz